| 000 | 00562nam a22001697a 4500 | ||
|---|---|---|---|
| 005 | 20251108170751.0 | ||
| 008 | 250721s1982 xx 000 0 ara d | ||
| 082 | 1 | 4 | _a956.0441/حتا |
| 100 | 1 | _aحتاملة، محمد عبده | |
| 245 | 1 | 0 | _aالتهجير القسري لمسلمي الأندلس في عهد الملك فيليب الثاني 1527-1598 / |
| 264 | 1 |
_aعمان : _bالمؤلف، _c1982. |
|
| 300 | _a160ص | ||
| 650 | 1 | 7 | _aتاريخ إسبانيا |
| 650 | 1 | 7 | _aتاريخ الأندلس 1492-711 |
| 942 |
_2ddc _cBK |
||
| 999 |
_c48514 _d48514 |
||